[Event "CZE-ch U12"]
[Site "Kouty nad Desnou"]
[Date "2012.03.15"]
[Round "7"]
[White "Liska, Jiri2222"]
[Black "Galik, Jakub"]
[Result "1-0"]
[WhiteElo "1763"]
[BlackElo "1466"]
[PlyCount "85"]
[EventDate "2012.03.10"]
[EventType "swiss"]
[EventRounds "9"]
[EventCountry "CZE"]
[SourceTitle "EXT 2013"]
[Source "ChessBase"]
[SourceDate "2012.11.22"]
[SourceVersion "1"]
[SourceVersionDate "2012.11.22"]
[SourceQuality "1"]

1. e4 e6 2. d4 d5 3. e5 c5 4. c3 Nc6 5. Nf3 Qb6 6. a3 c4 7. Nbd2 Na5 8. b4 Nc6 9. a4 a6 10. Be2 Nge7 11. 0-0 Ng6 12. g3 Be7 13. h4 Bd7 14. h5 Nf8 15. Ba3 h6 16. Ne1 f6 17. Nef3 f5 18. Ne1 Nh7 19. f4 0-0-0 20. Bxc4 dxc4 21. Nxc4 Qa7 22. b5 Bxa3 23. bxc6 Bxc6 24. Rxa3 Rd7 25. a5 Kd8 26. Nb6 Rc7 27. Nd3 Bb5 28. Nc5 Ke7 29. c4 Bxc4 30. Nxc4 Rxc5 31. dxc5 Qxc5+ 32. Kh2 Qxc4 33. Qd6+ Kf7 34. Qd7+ Kg8 35. Rd3 Nf8 36. Qd4 Qa2+ 37. Rd2 Qxa5 38. Rc1 Qa3 39. Rc8 Qf3 40. Rxf8+ Kh7 41. Rxh8+ Kxh8 42. Qd8+ Kh7 43. Qe8 1-0

[Event "CZE-ch U12"]
[Site "Kouty nad Desnou"]
[Date "2012.03.14"]
[Round "6"]
[White "Galik, Jakub"]
[Black "Miesbauer, Jan"]
[Result "1-0"]
[WhiteElo "1466"]
[BlackElo "1523"]
[PlyCount "59"]
[EventDate "2012.03.10"]
[EventType "swiss"]
[EventRounds "9"]
[EventCountry "CZE"]
[SourceTitle "EXT 2013"]
[Source "ChessBase"]
[SourceDate "2012.11.22"]
[SourceVersion "1"]
[SourceVersionDate "2012.11.22"]
[SourceQuality "1"]

1. e4 e6 2. d4 d5 3. exd5 exd5 4. Nf3 Bd6 5. Bd3 Ne7 6. c3 c6 7. 0-0 0-0 8. Qc2 f5 9. Bg5 h6 10. Bxe7 Qxe7 11. Nbd2 Na6 12. Rae1 Qf6 13. Ne5 c5 14. f4 cxd4 15. cxd4 Nb4 16. Qb3 Nxd3 17. Qxd3 a6 18. Nb3 b6 19. Rc1 Bxe5 20. dxe5 Qf7 21. Rc6 Rb8 22. Rd6 Bb7 23. Rxb6 Qe7 24. Rc1 g5 25. g3 gxf4 26. gxf4 Kh7 27. Qh3 Rg8+ 28. Kf2 Qg7 29. Rc7 Rbc8 30. Rxh6# 1-0